[Event "Ch Pan-American (amateurs)"]
[Site "masterchessopen.com – Cali (Colombia)"]
[Date "2010.11.17"]
[Round "2"]
[White "Arismendi Efrain Steven (COL)"]
[Black "Dominguez Oscar (COL)"]
[Result "0-1"]
[WhiteElo "1673"]
[BlackElo "1998"]

1.e4 e6 2.d4 d5 3.Nd2 Be7 4.e5 Nh6 5.f4 Nf5 6.Ngf3 Ne3 7.Qe2 Nxc2+ 8.Kf2 Nxa1
9.Qd3 c5 10.Qb1 Nc6 11.Qxa1 O-O 12.Qb1 cxd4 13.Qd3 f6 14.Ke1 fxe5 15.fxe5 Nb4
16.Qb1 Bh4+ 17.g3 Bg5 18.Nxd4 Qc7 19.N4f3 Rxf3 20.Nxf3 Qxc1+ 21.Qxc1 Bxc1 {#R}
0-1

[Event "Ch Region"]
[Site "masterchessopen.com – Vladimir (Russia)"]
[Date "2010.12.12"]
[Round "4"]
[White "Schepetkova Margarita (RUS)"]
[Black "Korovin Mikhail (RUS)"]
[Result "1-0"]
[WhiteElo "2161"]
[BlackElo "1923"]

1.e4 e6 2.d4 d5 3.Nd2 Be7 4.Bd3 dxe4 5.Nxe4 Nc6 6.Nf3 f5 7.Ng3 Nf6 8.O-O O-O
9.c3 Nd5 10.Qd2 Kh8 11.b4 a6 12.a4 Bd6 13.Bb2 Nf4 14.Bb1 e5 15.dxe5 Bxe5
16.Qxd8 Rxd8 17.b5 {#r} 1-0

[Event "Czech League 2010/11 (2nd) (a)"]
[Site "masterchessopen.com – Czech Republic"]
[Date "2011.02.20"]
[Round "8"]
[White "Chlad Lukas (CZE)"]
[Black "Gdovin Jan (CZE)"]
[Result "1-0"]
[WhiteElo "1921"]
[BlackElo "2090"]

1.e4 e6 2.d4 d5 3.Nd2 a6 4.c3 c5 5.Bd3 Nc6 6.Ne2 cxd4 7.cxd4 dxe4 8.Nxe4 Bb4+
9.N4c3 e5 10.Be3 Nf6 11.O-O exd4 12.Nxd4 Ne5 13.Qa4+ Bd7 14.Qxb4 Nxd3 15.Qxb7
O-O 16.Rad1 Nc5 17.Qb4 Rc8 18.Nf5 {#r} 1-0

[Event "Ch Hessen (juniors) (under 12)"]
[Site "masterchessopen.com – Bad Homburg (Germany)"]
[Round "9"]
[White "Spitzl Vinzent (GER)"]
[Black "Juschin Christian"]
[Result "1-0"]
[WhiteElo "1719"]
[BlackElo "1222"]

1.e4 e6 2.d4 d5 3.Nd2 h6 4.Ngf3 Nf6 5.e5 Nfd7 6.Bd3 c5 7.c3 Nc6 8.Nf1 Be7
9.Ng3 cxd4 10.cxd4 Qa5+ 11.Bd2 Qb6 12.Bc3 Bb4 13.O-O Bxc3 14.bxc3 h5 15.Ng5
Qd8 16.h4 g6 17.Qc2 Qe7 18.Bxg6 fxg6 19.Qxg6+ Kf8 20.Nxe6+ Qxe6 21.Qxe6 Nb6
22.Qf6+ {#r} 1-0

[Event "It \"]
[Site "masterchessopen.com – Oslo (Norway)"]
[Date "2011.04.08"]
[Round "4"]
[White "Kvam Audun (NOR)"]
[Black "Haug Johannes (NOR)"]
[Result "1-0"]
[WhiteElo "2022"]
[BlackElo "1838"]

1.e4 e6 2.d4 d5 3.Nd2 Be7 4.Ngf3 Nf6 5.e5 Nfd7 6.Bd3 c5 7.c3 Nc6 8.O-O g5
9.Nxg5 Bxg5 10.f4 Be7 11.f5 Nb6 12.f6 Bf8 13.Qh5 cxd4 14.Nf3 Qc7 15.cxd4 Nd8
16.Bh6 Bd7 17.Bg7 {#r} 1-0

[Event "Ch World (schools) (under 17) (g)"]
[Site "masterchessopen.com – Krakow (Poland)"]
[Date "2011.05.01"]
[Round "2"]
[White "Jablonska Sabina (POL)"]
[Black "Mucha Magdalena (POL)"]
[Result "0-1"]
[WhiteElo "1909"]
[BlackElo "1913"]

1.e4 e6 2.d4 d5 3.Nd2 Be7 4.Ngf3 c5 5.exd5 exd5 6.dxc5 Bxc5 7.Nb3 Be7 8.Bb5+
Nc6 9.Bf4 Nf6 10.Qe2 O-O 11.O-O-O a6 12.Bxc6 bxc6 13.Nbd4 Bd7 14.g4 Re8 15.h3
Bd6 16.Be5 Ne4 17.Bxd6 Nxd6 18.Qd3 Ne4 19.Rhf1 c5 20.Nf5 Bb5 21.Qb3 Bxf1
22.Rxf1 Qc7 23.Kb1 Qf4 24.Ng3 Qxf3 {#R} 0-1

[Event "It (open)"]
[Site "masterchessopen.com – Fourmies (France)"]
[Date "2011.06.11"]
[Round "1"]
[White "Abergel Thal (FRA)"]
[Black "Van Rekom Robert (NED)"]
[Result "1-0"]
[WhiteElo "2502"]
[BlackElo "1889"]

1.e4 e6 2.d4 d5 3.Nd2 h6 4.Ngf3 Nf6 5.e5 Nfd7 6.Bd3 c5 7.c3 Nc6 8.O-O g5
9.dxc5 Bxc5 10.Nb3 Bb6 11.Re1 Rg8 12.Bh7 Rg7 13.Bc2 h5 14.Nfd4 g4 15.Qd2 Ncxe5
16.Qh6 Qh4 17.Qxg7 {#r} 1-0

[Event "It \"]
[Site "masterchessopen.com – Nikea (Greece)"]
[Date "2011.06.18"]
[Round "3"]
[White "Kordis Konstantinos (GRE)"]
[Black "Terzidaki Alexandra (GRE)"]
[Result "1-0"]
[WhiteElo "2190"]
[BlackElo "1953"]

1.e4 e6 2.d4 d5 3.Nd2 Be7 4.Bd3 c5 5.dxc5 Bxc5 6.Ngf3 Nf6 7.Qe2 O-O 8.O-O Nc6
9.c3 Qc7 10.e5 Nd7 11.Nb3 Bb6 12.Re1 f6 13.exf6 Nxf6 14.Nbd4 e5 15.Nxe5 Nxd4
16.cxd4 Bxd4 17.Bf4 Qb6 18.Rab1 Ne4 19.Bxe4 dxe4 20.Be3 Bf5 21.Qc4+ {#r} 1-0

[Event "Ch Region (open)"]
[Site "masterchessopen.com – Rostov on Don (Russia)"]
[Round "6"]
[White "Kostrikina Anna (RUS)"]
[Black "Pushkov Nikolai (RUS)"]
[Result "0-1"]
[WhiteElo "2154"]
[BlackElo "2404"]

1.e4 e6 2.d4 d5 3.Nd2 Be7 4.Ngf3 Nf6 5.e5 Nfd7 6.Bd3 c5 7.c3 Nc6 8.O-O cxd4
9.cxd4 a5 10.b3 Qb6 11.Bb2 a4 12.a3 axb3 13.Qxb3 Na5 14.Qb5 Qxb5 15.Bxb5 Kd8
16.Bc3 Nb8 17.Bb4 Bd7 18.Bd3 Ba4 19.Rfc1 Nbc6 20.Bc5 Bxc5 21.Rxc5 h6 22.Rb1
Kd7 23.Kf1 Rhc8 24.Bb5 Bxb5+ 25.Rcxb5 Nd8 {#R} 0-1

[Event "It (open) (b)"]
[Site "masterchessopen.com – Winterthur (Switzerland)"]
[Date "2011.10.09"]
[Round "2"]
[White "Schweighoffer Martin"]
[Black "Lincke Paul"]
[Result "1-0"]
[WhiteElo "1781"]
[BlackElo "1516"]

1.e4 e6 2.d4 d5 3.Nd2 Bd7 4.Bd3 Nc6 5.c3 a6 6.a4 Be7 7.e5 Bg5 8.Nh3 Bh6 9.O-O
Nge7 10.f4 g6 11.Nf3 Nf5 12.g4 Nh4 13.Nfg5 f5 14.Qe1 fxg4 15.Qxh4 Bxg5
16.Bxg6+ hxg6 17.Qxh8+ Ke7 18.Qg7+ Ke8 19.fxg5 Qe7 20.Qg8+ {#r} 1-0

[Event "Tournament (open) \"]
[Site "masterchessopen.com – Las Palmas (Spain)"]
[Date "2011.10.24"]
[Round "5"]
[White "Porretti Garcia Guido"]
[Black "Rodriguez Manzaneda Irene"]
[Result "0-1"]
[WhiteElo "1347"]
[BlackElo "1635"]

1.e4 e6 2.d4 d5 3.Nd2 Be7 4.Ngf3 Nf6 5.Bd3 c5 6.c3 Nc6 7.e5 Nd7 8.O-O g5
9.dxc5 g4 10.Nd4 Ndxe5 11.Bb5 Bd7 12.f4 Nxd4 13.Bxd7+ Qxd7 14.cxd4 Nc6 15.Nb3
h5 16.h3 gxh3 17.gxh3 Bh4 18.Qf3 O-O-O 19.Bd2 Rdg8+ 20.Kh2 Bg3+ 21.Kh1 e5
22.f5 e4 23.Qe3 Qe7 24.Rg1 Qh4 25.Be1 Qxh3# 0-1

[Event "It (open) (c)"]
[Site "masterchessopen.com – Santa Eulalia de Roncana (Spain)"]
[Date "2011.11.05"]
[Round "5"]
[White "Las Heras Aixandri Sara"]
[Black "Valero Canovas Alex"]
[Result "1-0"]
[WhiteElo "1550"]
[BlackElo "1782"]

1.e4 e6 2.d4 d5 3.Nd2 Be7 4.e5 Bg5 5.Bd3 Ne7 6.Ngf3 Bxd2+ 7.Bxd2 Nbc6 8.O-O
O-O 9.Qc1 Nf5 10.Bg5 Qd7 11.g4 h6 12.gxf5 hxg5 13.f6 g6 14.Qxg5 Qe8 15.Qh6 Nb4
16.Qg7# 1-0

[Event "It \"]
[Site "masterchessopen.com – Neustadt a.d. Weinstrasse (Germany)"]
[Date "2012.02.20"]
[Round "2"]
[White "Sobolevsky Leonid (UKR)"]
[Black "Sumets Andrey (UKR)"]
[Result "0-1"]
[WhiteElo "2239"]
[BlackElo "2569"]

1.e4 e6 2.d4 d5 3.Nd2 Be7 4.Ngf3 Nf6 5.e5 Nfd7 6.Bd3 c5 7.c3 Nc6 8.Bb1 a5 9.a4
cxd4 10.cxd4 b6 11.O-O Ba6 12.Re1 g5 13.g4 {#R} 0-1

[Event "It \"]
[Site "masterchessopen.com – Neustadt a.d. Weinstrasse (Germany)"]
[Date "2012.02.23"]
[Round "9"]
[White "Hubel Hans-Martin (GER)"]
[Black "Faulhaber Tobias"]
[Result "1-0"]
[WhiteElo "1830"]
[BlackElo "1857"]

1.e4 e6 2.d4 d5 3.Nd2 h6 4.Ngf3 Nf6 5.Bd3 c5 6.dxc5 Bxc5 7.exd5 exd5 8.Qe2+
Be6 9.Nb3 Bb6 10.Nbd4 O-O 11.Nxe6 fxe6 12.Qxe6+ Kh8 13.O-O Nc6 14.Qh3 Qc7
15.Ng5 Rae8 16.Ne6 Rxe6 17.Qxe6 Ne5 18.Be3 Bxe3 19.fxe3 Neg4 20.Qxg4 {#r} 1-0

[Event "Ch Catalunia (team)"]
[Site "masterchessopen.com – Catalunia (Spain)"]
[Date "2012.03.10"]
[Round "7"]
[White "Alonso Moyano Jonathan (ESP)"]
[Black "Gonzalez Freixas Albert (ESP)"]
[Result "1-0"]
[WhiteElo "2396"]
[BlackElo "2155"]

1.e4 e6 2.d4 d5 3.Nd2 h6 4.e5 c5 5.c3 Nc6 6.Ngf3 Qb6 7.Nb3 c4 8.Nbd2 f6 9.Nh4
fxe5 10.Qh5+ Kd8 11.Ng6 Nf6 12.Qh4 exd4 13.Nxh8 dxc3 14.bxc3 Bc5 15.Be2 {#r}
1-0

[Event "Ch Kazakhstan"]
[Site "masterchessopen.com – Astana (Kazakhstan)"]
[Date "2012.04.10"]
[Round "5"]
[White "Kostenko Petr (KAZ)"]
[Black "Akhmetov Artiom (RUS)"]
[Result "1-0"]
[WhiteElo "2482"]
[BlackElo "2473"]

1.e4 e6 2.d4 d5 3.Nd2 a6 4.Ngf3 Nf6 5.Bd3 c5 6.exd5 Qxd5 7.dxc5 Bxc5 8.O-O
Nbd7 9.Qe2 b5 10.Nb3 Bb6 11.a4 b4 12.Bc4 Qh5 13.Bf4 Nc5 14.a5 Nxb3 15.Bxb3 Bc5
16.Ba4+ Bd7 17.Bxd7+ Nxd7 18.Rfd1 Nf6 19.Bd6 Ng4 20.Bxc5 Qxc5 21.Qe4 Qxf2+
22.Kh1 O-O 23.Qxg4 {#r} 1-0

[Event "Tournament (qual) (1/2 final)"]
[Site "masterchessopen.com – Puerto Boyaca (Colombia)"]
[Date "2012.04.28"]
[Round "4"]
[White "Avila Pedro (COL)"]
[Black "Diaz Ricardo (COL)"]
[Result "0-1"]
[WhiteElo "2107"]
[BlackElo "2231"]

1.e4 e6 2.d4 d5 3.Nd2 a6 4.c3 c5 5.exd5 exd5 6.Ngf3 Nf6 7.dxc5 Bxc5 8.Nb3 Bb6
9.Bg5 Bxf2+ 10.Kxf2 Ne4+ 11.Ke3 Nxg5 12.Bd3 O-O 13.Re1 Nc6 14.Nxg5 Qxg5+
15.Kf2 Bf5 16.Kg1 Rfe8 17.Qf3 Bxd3 18.Qxd3 h6 19.Nc5 b6 20.Na4 Ne5 21.Qf1 Re6
22.Kh1 Qh4 23.h3 Qxa4 {#R} 0-1

[Event "It (open)"]
[Site "masterchessopen.com – Hradec Kralove (Czech Republic)"]
[Date "2012.05.17"]
[Round "7"]
[White "Pulpan Jakub (CZE)"]
[Black "Skaloud Dusan (CZE)"]
[Result "1-0"]
[WhiteElo "2042"]
[BlackElo "1956"]

1.e4 e6 2.d4 d5 3.Nd2 Ne7 4.Ngf3 c5 5.c3 cxd4 6.cxd4 Nbc6 7.Bd3 dxe4 8.Nxe4
Nf5 9.Be3 e5 10.dxe5 Nxe3 11.fxe3 Bg4 12.O-O Qb6 13.h3 Bxf3 14.Rxf3 Nxe5
15.Qa4+ Kd8 16.Be2 Nxf3+ 17.Bxf3 Rc8 18.Rd1+ Kc7 19.Bg4 Bc5 20.Nxc5 Qxc5
21.Qf4+ Kb6 22.b4 Qc4 23.Rd6+ Kb5 24.Qe5+ Kxb4 25.Rd4 {#r} 1-0

[Event "It (open)"]
[Site "masterchessopen.com – Karvina (Czech Republic)"]
[Date "2012.07.04"]
[Round "5"]
[White "Fargac Martin (CZE)"]
[Black "Zidek Vaclav (CZE)"]
[Result "0-1"]
[WhiteElo "2056"]
[BlackElo "2185"]

1.e4 e6 2.d4 d5 3.Nd2 Be7 4.Bd3 c5 5.dxc5 Nf6 6.exd5 Nxd5 7.Ne4 O-O 8.Nf3 Qc7
9.O-O Nd7 10.c4 Nb4 11.Bb1 Nxc5 12.Qe2 Rd8 13.Neg5 g6 14.Ne5 f6 15.Bd2 a5
16.Bc3 fxg5 17.Qf3 Rf8 18.Qg3 Bf6 19.f4 Nc6 20.Bxg6 Bxe5 21.Qxg5 Bxc3 22.Bxh7+
Kxh7 23.Rf3 Bd4+ 24.Kh1 Qg7 25.Qh5+ Qh6 {#R} 0-1

[Event "It \"]
[Site "masterchessopen.com – www.chessplanet.ru"]
[Date "2012.08.14"]
[Round "0"]
[White "Kovalev Vladislav (BLR)"]
[Black "Ponkratov Pavel (RUS)"]
[Result "0-1"]
[WhiteElo "2476"]
[BlackElo "2589"]

1.e4 e6 2.d4 d5 3.Nd2 Nc6 4.Ngf3 Nh6 5.Bd3 Be7 6.O-O O-O 7.c3 f5 8.exd5 exd5
9.Re1 Bd6 10.Ne5 Ng4 11.Ndf3 Ncxe5 12.Nxe5 Bxe5 13.dxe5 Qh4 14.h3 Nxf2 15.Bg5
Qg3 16.Re3 Nxh3+ 17.Kh1 Nf2+ 18.Kg1 Qxg5 19.Kxf2 f4 20.Re1 Qg3+ 21.Kf1 f3
22.Qc2 fxg2+ 23.Kg1 Bh3 24.Bxh7+ Kh8 25.Qg6 Rf1+ {#R} 0-1

[Event "Tournament (open)"]
[Site "masterchessopen.com – Huaraz (Peru)"]
[Date "2012.08.16"]
[Round "2"]
[White "Soria Castillo Ricardo (PER)"]
[Black "Pacheco Marco (PER)"]
[Result "0-1"]
[WhiteElo "2133"]
[BlackElo "2383"]

1.e4 e6 2.d4 d5 3.Nd2 Be7 4.Ngf3 Nf6 5.Bd3 c5 6.c3 Nc6 7.e5 Nd7 8.O-O a5 9.Qe2
a4 10.Rd1 cxd4 11.cxd4 Nb6 12.a3 Na5 13.Bc2 Bd7 14.Nf1 Nbc4 15.Ng3 Bb5 16.Bd3
Rc8 17.Nh5 g6 18.Ng7+ Kd7 19.Bh6 Nb3 20.Rab1 Rg8 21.g3 Bf8 22.Ng5 Rxg7 23.Qg4
Rg8 24.Bxf8 Rxf8 25.Nxh7 {#R} 0-1

[Event "Ch Europe (seniors)"]
[Site "masterchessopen.com – Kaunas (Lithuania)"]
[Date "2012.08.22"]
[Round "5"]
[White "Petrovs Aleksandrs (LAT)"]
[Black "Reutimann Hans Peter (SUI)"]
[Result "1-0"]
[WhiteElo "1766"]
[BlackElo "1785"]

1.e4 e6 2.d4 d5 3.Nd2 Ne7 4.Ngf3 Ng6 5.Bd3 c5 6.exd5 exd5 7.O-O c4 8.Re1+ Be6
9.Bf5 Be7 10.Bxe6 fxe6 11.Rxe6 O-O 12.Nf1 Nc6 13.c3 Qc7 14.Ng5 Nf4 15.Bxf4
Rxf4 16.Nh3 Rf7 17.Qh5 Qd7 18.Rae1 Raf8 19.Nd2 Nd8 20.R6e5 {#r} 1-0

[Event "Memorial A.Rubinstein (open) (b)"]
[Site "masterchessopen.com – Polanica Zdroj (Poland)"]
[Date "2012.08.22"]
[Round "5"]
[White "Pasanen Tuomo (FIN)"]
[Black "Czerw Dawid (POL)"]
[Result "0-1"]
[WhiteElo "2007"]
[BlackElo "1883"]

1.e4 e6 2.d4 d5 3.Nd2 Be7 4.Bd3 c5 5.exd5 exd5 6.dxc5 Bxc5 7.Nb3 Bb6 8.Ne2 Nf6
9.Bg5 Bxf2+ 10.Kxf2 Ng4+ 11.Kg3 Qxg5 12.h4 Qe3# 0-1

[Event "It (open)"]
[Site "masterchessopen.com – Dresden (Germany)"]
[Date "2012.08.26"]
[Round "9"]
[White "Smith Thijmen (NED)"]
[Black "Paul Johannes (GER)"]
[Result "0-1"]
[WhiteElo "2189"]
[BlackElo "2261"]

1.e4 e6 2.d4 d5 3.Nd2 h6 4.Ngf3 Nf6 5.e5 Nfd7 6.Bd3 c5 7.c3 Nc6 8.Nf1 Qb6
9.dxc5 Bxc5 10.Qe2 g5 11.b4 Bf8 12.b5 Na5 13.Ne3 Be7 14.O-O Nc5 15.Nd4 Qc7
16.f4 gxf4 17.Ng4 h5 18.Nf6+ Bxf6 19.exf6 Nxd3 20.Qxd3 e5 21.Bxf4 exf4
22.Rae1+ Kf8 23.Re7 Qd6 24.Rxf4 Qxf4 25.Qe2 Qxf6 {#R} 0-1

[Event "Ch Germany (seniors) (team)"]
[Site "masterchessopen.com – Berlin (Germany)"]
[Date "2012.09.10"]
[Round "1"]
[White "Mueller Manfred (GER)"]
[Black "Sprotte Norbert (GER)"]
[Result "0-1"]
[WhiteElo "2035"]
[BlackElo "2128"]

1.e4 e6 2.d4 d5 3.Nd2 Nc6 4.Ne2 dxe4 5.Nxe4 Nf6 6.Bg5 Be7 7.Nxf6+ Bxf6 8.Bxf6
Qxf6 9.c3 e5 10.d5 Ne7 11.Ng3 O-O 12.Bd3 Rd8 13.Qc2 Qh6 14.Be4 Nxd5 15.Rd1 Be6
16.O-O c6 17.Rd2 Nb6 18.Rfd1 Rxd2 19.Qxd2 Qxd2 20.Rxd2 Bxa2 21.Rd7 {#R} 0-1